Learning Resource and Development

Comparative vertebrate anatomy, (Record no. 23996)

MARC details
000 -LEADER
fixed length control field 01804cam a2200409 4500
001 - CONTROL NUMBER
control field comparativeverte00hyma
003 - CONTROL NUMBER IDENTIFIER
control field CaSfIA
005 - DATE AND TIME OF LATEST TRANSACTION
control field 20230525155235.0
007 - PHYSICAL DESCRIPTION FIXED FIELD--GENERAL INFORMATION
fixed length control field cr||||
008 - FIXED-LENGTH DATA ELEMENTS--GENERAL INFORMATION
fixed length control field 720120s1942 ilua b 000 0 eng
010 ## - LIBRARY OF CONGRESS CONTROL NUMBER
LC control number 42021814
040 ## - CATALOGING SOURCE
Original cataloging agency DLC
Transcribing agency URB
Modifying agency OCL
-- OCLCQ
-- MUQ
-- NLM
-- OCLCG
-- STF
-- EYM
-- CBC
-- CaSfIA
016 7# - NATIONAL BIBLIOGRAPHIC AGENCY CONTROL NUMBER
Record control number 06010900R
Source DNLM
035 ## - SYSTEM CONTROL NUMBER
System control number (OCoLC)224375
050 #0 - LIBRARY OF CONGRESS CALL NUMBER
Classification number QL812
Item number .H87 1942
060 00 - NATIONAL LIBRARY OF MEDICINE CALL NUMBER
Classification number QL 812
Item number H996c 1942
082 #4 - DEWEY DECIMAL CLASSIFICATION NUMBER
Classification number 591.4072
029 1# - OTHER SYSTEM CONTROL NUMBER (OCLC)
OCLC library identifier NLGGC
System control number 039798925
029 1# - OTHER SYSTEM CONTROL NUMBER (OCLC)
OCLC library identifier NLM
System control number 06010900R
029 1# - OTHER SYSTEM CONTROL NUMBER (OCLC)
OCLC library identifier NZ1
System control number 2808593
029 1# - OTHER SYSTEM CONTROL NUMBER (OCLC)
OCLC library identifier AU@
System control number 000001303643
029 1# - OTHER SYSTEM CONTROL NUMBER (OCLC)
OCLC library identifier NZ1
System control number 12940037
100 1# - MAIN ENTRY--PERSONAL NAME
Personal name Hyman, Libbie Henrietta,
Dates associated with a name 1888-1969.
245 10 - TITLE STATEMENT
Title Comparative vertebrate anatomy,
Medium [electronic resource]
Statement of responsibility, etc. by Libbie Henrietta Hyman ...
260 ## - PUBLICATION, DISTRIBUTION, ETC.
Place of publication, distribution, etc. Chicago, Ill.,
Name of publisher, distributor, etc. The University of Chicago Press
Date of publication, distribution, etc. [1942]
300 ## - PHYSICAL DESCRIPTION
Extent xx, 544 p.
Other physical details illus., diagrs.
Dimensions 25 cm.
500 ## - GENERAL NOTE
General note A revision of the author's A laboratory manual for comparative vertebrate anatomy, intended now to serve as a text as well as a laboratory manual. cf. Pref. to 2d ed.
500 ## - GENERAL NOTE
General note "Published February 1922. Second edition September 1942."
504 ## - BIBLIOGRAPHY, ETC. NOTE
Bibliography, etc. note Includes bibliographical references and index.
650 #0 - SUBJECT ADDED ENTRY--TOPICAL TERM
Topical term or geographic name entry element Anatomy, Comparative
Form subdivision Laboratory manuals.
650 #0 - SUBJECT ADDED ENTRY--TOPICAL TERM
Topical term or geographic name entry element Anatomy, Comparative.
650 #6 - SUBJECT ADDED ENTRY--TOPICAL TERM
Topical term or geographic name entry element Anatomie comparée
General subdivision Manuels.
650 #6 - SUBJECT ADDED ENTRY--TOPICAL TERM
Topical term or geographic name entry element Vertébrés
General subdivision Anatomie.
776 08 - ADDITIONAL PHYSICAL FORM ENTRY
Relationship information Online version:
Main entry heading Hyman, Libbie Henrietta, 1888-1969.
Title Comparative vertebrate anatomy.
Place, publisher, and date of publication Chicago, Ill., The University of Chicago Press [1942]
Record control number (OCoLC)645921296
856 41 - ELECTRONIC LOCATION AND ACCESS
Uniform Resource Identifier <a href="http://www.archive.org/details/comparativeverte00hyma">http://www.archive.org/details/comparativeverte00hyma</a>
Public note Free eBook from the Internet Archive
856 42 - ELECTRONIC LOCATION AND ACCESS
Uniform Resource Identifier <a href="http://www.openlibrary.org/books/OL13539233M">http://www.openlibrary.org/books/OL13539233M</a>
Public note Additional information and access via Open Library
Holdings
Withdrawn status Lost status Damaged status Not for loan Collection Home library Current library Date acquired Total Checkouts Date last seen Price effective from Koha item type
        Project Gutenberg Main Library Main Library 05/25/2023   05/25/2023 05/25/2023 EBooks